PATH WAY TO PAKISTAN (Record no. 585202)

000 -LEADER
fixed length control field 00252nam a22001097a 4500
082 ## - DEWEY DECIMAL CLASSIFICATION NUMBER
Classification number 954.91 KHA'P
100 ## - MAIN ENTRY--PERSONAL NAME
Personal name KHALIQUEZZAMAN, CHOUDHRY
9 (RLIN) 80253
245 ## - TITLE STATEMENT
Title PATH WAY TO PAKISTAN
260 ## - PUBLICATION, DISTRIBUTION, ETC.
Place of publication, distribution, etc. PAKISTAN
Name of publisher, distributor, etc. LONGMANS
Date of publication, distribution, etc. 1961
300 ## - PHYSICAL DESCRIPTION
Extent 432P
942 ## - ADDED ENTRY ELEMENTS (KOHA)
Koha item type Book
Holdings
Withdrawn status Lost status Damaged status Not for loan Permanent Location Current Location Shelving location Date acquired Total Checkouts Full call number Barcode Date last seen Price effective from Koha item type
        College of Electrical & Mechanical Engineering (CEME) College of Electrical & Mechanical Engineering (CEME) General Stacks 07/06/2017   954.91 KHA'P CEME-5473 06/28/2021 06/28/2021 Book
© 2023 Central Library, National University of Sciences and Technology. All Rights Reserved.